[Event "Basel Easter op"]
[Site "Basel"]
[Date "2024.03.31"]
[Round "6"]
[White "Rappazzo, Johannes"]
[Black "Rohrer, Christophe"]
[Result "0-1"]
[WhiteElo "2116"]
[BlackElo "2327"]
[PlyCount "68"]
[EventDate "2024.03.28"]
[EventType "swiss"]
[EventRounds "9"]
[EventCountry "SUI"]
[SourceTitle "CB14_2024"]
[SourceDate "2024.04.01"]
[SourceVersion "1"]
[SourceVersionDate "2024.04.01"]
[SourceQuality "1"]

1. e4 e5 2. Nf3 Nc6 3. Bc4 Bc5 4. b4 Bb6 5. a4 a6 6. Nc3 Nf6 7. Nd5 Nxd5 8. exd5 Nd4 9. d6 Qf6 10. Ra3 Qxd6 11. Ng5 Ne6 12. Nxe6 dxe6 13. 0-0 Bd7 14. a5 Ba7 15. Rg3 g6 16. Ba3 Bb5 17. Bxb5+ axb5 18. Qf3 0-0-0 19. c4 f5 20. cxb5 e4 21. Qb3 Qd5 22. Qa4 Kb8 23. b6 cxb6 24. axb6 Bxb6 25. Bb2 e5 26. Ra3 Kc7 27. Rc3+ Kd6 28. Rfc1 Ra8 29. Qc2 Bd4 30. Rc7 Ra2 31. Rg7 Qc6 32. Qb3 Rxb2 33. Rxc6+ bxc6 34. Qd1 Ra2 0-1

[Event "Basel Easter op"]
[Site "Basel"]
[Date "2024.03.29"]
[Round "2"]
[White "Saminskij, Jan"]
[Black "Rappazzo, Johannes"]
[Result "1-0"]
[WhiteElo "2065"]
[BlackElo "2116"]
[PlyCount "79"]
[EventDate "2024.03.28"]
[EventType "swiss"]
[EventRounds "9"]
[EventCountry "SUI"]
[SourceTitle "CB14_2024"]
[SourceDate "2024.04.01"]
[SourceVersion "1"]
[SourceVersionDate "2024.04.01"]
[SourceQuality "1"]

1. e4 c5 2. Nf3 d6 3. d4 cxd4 4. Nxd4 Nf6 5. Nc3 a6 6. Bd3 g6 7. f3 Bg7 8. Be3 0-0 9. Qd2 Nc6 10. Nxc6 bxc6 11. 0-0-0 Rb8 12. Bc4 Qa5 13. Bh6 Qb4 14. Bb3 c5 15. Bxg7 Kxg7 16. Nd5 Nxd5 17. exd5 Bd7 18. Rhe1 Rfe8 19. Re4 Qxd2+ 20. Rxd2 Rb4 21. Rde2 Rxe4 22. Rxe4 f5 23. Re3 Kf6 24. Bc4 Bb5 25. Re6+ Kf7 26. Bxb5 axb5 27. b3 Rc8 28. Re3 c4 29. b4 c3 30. a3 Rc4 31. Kb1 f4 32. Rd3 Kf6 33. Ka2 Ke5 34. Kb3 Rd4 35. Rxd4 Kxd4 36. a4 bxa4+ 37. Kxa4 Kxd5 38. b5 Kc5 39. Ka5 d5 40. b6 1-0

[Event "Basel Easter op"]
[Site "Basel"]
[Date "2024.03.28"]
[Round "1"]
[White "Rappazzo, Johannes"]
[Black "Rohit, Krishna S"]
[Result "0-1"]
[WhiteElo "2116"]
[BlackElo "2410"]
[PlyCount "84"]
[EventDate "2024.03.28"]
[EventType "swiss"]
[EventRounds "9"]
[EventCountry "SUI"]
[SourceTitle "CB14_2024"]
[SourceDate "2024.04.01"]
[SourceVersion "1"]
[SourceVersionDate "2024.04.01"]
[SourceQuality "1"]

1. e4 e5 2. Nf3 Nc6 3. Bc4 Bc5 4. b4 Bxb4 5. c3 Be7 6. d4 Na5 7. Bd3 exd4 8. cxd4 d5 9. Qa4+ Nc6 10. exd5 Qxd5 11. 0-0 Nf6 12. Re1 0-0 13. Nc3 Qd8 14. Rb1 a5 15. a3 Bg4 16. Ne5 Nxe5 17. Rxe5 Bd7 18. Qc2 Bd6 19. Bg5 h6 20. Bh4 g5 21. Bg3 Nh5 22. Ne4 Nxg3 23. hxg3 Bc6 24. Rf5 Be7 25. Qc3 Bd5 26. Re1 c6 27. Nd2 Bf6 28. Bb1 Bg7 29. Qd3 Re8 30. Rfe5 Rxe5 31. dxe5 Qe7 32. Nc4 Rd8 33. Rd1 b5 34. Nd6 Qxe5 35. Nf5 Qf6 36. g4 Re8 37. Ng3 Qc3 38. Qh7+ Kf8 39. Nh5 Re1+ 40. Rxe1 Qxe1+ 41. Kh2 Be5+ 42. Ng3 Qxf2 0-1

[Event "Arco op 45th"]
[Site "Arco"]
[Date "2023.10.15"]
[Round "9"]
[White "Rappazzo, Johannes"]
[Black "Meyer, Thorsten1"]
[Result "1-0"]
[WhiteElo "2081"]
[BlackElo "1927"]
[PlyCount "31"]
[EventDate "2023.10.07"]
[EventType "swiss"]
[EventRounds "9"]
[EventCountry "ITA"]
[SourceTitle "Mega2024 Update 01"]
[Source "Chessbase"]
[SourceDate "2023.11.12"]
[SourceVersion "1"]
[SourceVersionDate "2023.11.12"]
[SourceQuality "1"]

1. e4 c6 2. Nc3 d5 3. Nf3 Bg4 4. h3 Bh5 5. exd5 cxd5 6. g4 Bg6 7. Ne5 Nc6 8. d4 e6 9. h4 f6 10. h5 fxe5 11. hxg6 Bb4 12. Rxh7 exd4 13. Rxh8 Kf8 14. Qf3+ Qf6 15. Qxf6+ gxf6 16. a3 1-0

[Event "Arco op 45th"]
[Site "Arco"]
[Date "2023.10.11"]
[Round "5"]
[White "Bossi, Alessandro"]
[Black "Rappazzo, Johannes"]
[Result "0-1"]
[WhiteElo "1873"]
[BlackElo "2081"]
[PlyCount "52"]
[EventDate "2023.10.07"]
[EventType "swiss"]
[EventRounds "9"]
[EventCountry "ITA"]
[SourceTitle "Mega2024 Update 01"]
[Source "Chessbase"]
[SourceDate "2023.11.12"]
[SourceVersion "1"]
[SourceVersionDate "2023.11.12"]
[SourceQuality "1"]

1. c4 e5 2. Nc3 Nf6 3. e3 Nc6 4. Nf3 Bb4 5. Qc2 Bxc3 6. Qxc3 Qe7 7. d3 d5 8. b3 Bg4 9. Be2 0-0-0 10. h3 Bxf3 11. gxf3 d4 12. Qb2 dxe3 13. Bxe3 Nh5 14. 0-0-0 Nd4 15. f4 Nxf4 16. Bg4+ f5 17. Rhe1 Nfe6 18. Bxf5 Nxf5 19. Bxa7 Ned4 20. f4 b6 21. Bxb6 cxb6 22. Rxe5 Qa7 23. Rde1 Nf3 24. Qe2 Nxe1 25. Qxe1 Nd4 26. Qe4 Qb7 0-1

[Event "World ol U16"]
[Site "Eindhoven"]
[Date "2023.08.13"]
[Round "1.17"]
[White "Rappazzo, Johannes"]
[Black "Zuri, Tatiina"]
[Result "1-0"]
[WhiteElo "2109"]
[BlackElo "1184"]
[PlyCount "57"]
[EventDate "2023.08.13"]
[EventType "team-swiss"]
[EventRounds "9"]
[EventCountry "NED"]
[SourceTitle "CBM 215 Extra"]
[Source "ChessBase"]
[SourceDate "2023.09.30"]
[SourceVersion "1"]
[SourceVersionDate "2023.09.30"]
[SourceQuality "1"]
[WhiteTeam "Switzerland"]
[BlackTeam "Uganda II"]
[WhiteTeamCountry "SUI"]
[BlackTeamCountry "UGA"]

1. e4 d6 2. d4 g6 3. Nc3 Bg7 4. Be3 Nf6 5. f3 0-0 6. Qd2 e5 7. Nge2 Nbd7 8. d5 Nb6 9. Ng3 h5 10. Be2 Kh7 11. 0-0-0 Bd7 12. h4 a5 13. Nf1 Qe8 14. g4 hxg4 15. h5 Rh8 16. hxg6+ Kg8 17. Rxh8+ Bxh8 18. gxf7+ Qxf7 19. Nh2 gxf3 20. Nxf3 Kf8 21. Ng5 Qg7 22. Ne6+ Bxe6 23. dxe6 Ke7 24. Bxb6 cxb6 25. Qxd6+ Ke8 26. Bb5+ Nd7 27. Bxd7+ Kd8 28. Bb5+ Kc8 29. Qd8# 1-0

[Event "Flims op"]
[Site "Flims"]
[Date "2023.07.11"]
[Round "4"]
[White "Bestehorn, Markus Daniel"]
[Black "Rappazzo, Johannes"]
[Result "0-1"]
[WhiteElo "1616"]
[BlackElo "2060"]
[PlyCount "93"]
[EventDate "2023.07.09"]
[EventType "swiss"]
[EventRounds "5"]
[EventCountry "SUI"]
[SourceTitle "EXT 2024"]
[Source "ChessBase"]
[SourceDate "2023.10.10"]
[SourceVersion "1"]
[SourceVersionDate "2023.10.10"]
[SourceQuality "1"]

1. d4 Nf6 2. Bf4 g6 3. e3 Bg7 4. Nf3 0-0 5. c3 d6 6. h3 c5 7. Nbd2 Nc6 8. Be2 Re8 9. 0-0 e5 10. dxe5 dxe5 11. Bh2 Nd5 12. Nb3 b6 13. c4 Nc7 14. Qxd8 Rxd8 15. e4 Ne6 16. Rad1 Bb7 17. Rxd8+ Rxd8 18. Rd1 Ncd4 19. Nfxd4 Nxd4 20. Nxd4 cxd4 21. Bd3 f5 22. f3 f4 23. Kf2 Bf6 24. b3 Kf7 25. a4 Be7 26. Ke2 h5 27. Rh1 g5 28. g4 hxg4 29. hxg4 Rh8 30. Kf2 Bb4 31. Kg2 Ke6 32. Bg1 Rxh1 33. Kxh1 Kd6 34. Kg2 Kc5 35. Kf2 Bc3 36. Ke2 Kb4 37. Bc2 Bc6 38. Kd3 a6 39. Bf2 b5 40. axb5 axb5 41. Bg1 Bd7 42. Bd1 bxc4+ 43. bxc4 Be6 44. Kc2 Bxc4 45. Kb1 Bd2 46. Kb2 Be3 47. Bh2 0-1

[Event "SUI-ch U14"]
[Site "Biel"]
[Date "2022.07.20"]
[Round "6"]
[White "Artan, Tamir"]
[Black "Rappazzo, Johannes"]
[Result "0-1"]
[WhiteElo "1590"]
[BlackElo "1761"]
[PlyCount "80"]
[EventDate "2022.07.18"]
[EventType "swiss"]
[EventRounds "7"]
[EventCountry "SUI"]
[SourceTitle "EXT 2023"]
[Source "ChessBase"]
[SourceDate "2022.10.05"]
[SourceVersion "1"]
[SourceVersionDate "2022.10.05"]
[SourceQuality "1"]

1. e4 c5 2. Nf3 d6 3. d4 cxd4 4. Nxd4 Nf6 5. Nc3 a6 6. Bg5 Nbd7 7. Bc4 Qb6 8. Bb3 e6 9. Qd2 Be7 10. Be3 Nc5 11. f3 0-0 12. 0-0-0 Qc7 13. g4 b5 14. h4 b4 15. Na4 Bd7 16. Nxc5 dxc5 17. g5 Nh5 18. Nf5 Bb5 19. Nxe7+ Qxe7 20. c4 bxc3 21. Qxc3 Ng3 22. Rh2 Ne2+ 23. Rxe2 Bxe2 24. Re1 c4 25. Bc2 Bd3 26. Bxd3 cxd3 27. Bc5 d2+ 28. Kxd2 Rfd8+ 29. Ke3 Qc7 30. Bd4 Qh2 31. Bxg7 Rac8 32. Qa5 Kxg7 33. Re2 Qc7 34. Qa4 Qc5+ 35. Kf4 e5+ 36. Kg4 Qg1+ 37. Kh5 Rd6 38. f4 Rcc6 39. Qb3 Rh6+ 40. gxh6+ Rxh6# 0-1

[Event "Zuerich Christmas op 44th"]
[Site "Tornelo INT"]
[Date "2020.12.30"]
[Round "7"]
[White "Rappazzo, Johannes"]
[Black "Schnell, Simon"]
[Result "1/2-1/2"]
[WhiteElo "1555"]
[BlackElo "1665"]
[PlyCount "73"]
[EventDate "2020.12.26"]
[EventType "swiss"]
[EventRounds "7"]
[EventCountry "SUI"]
[SourceTitle "CBM 200 Extra"]
[Source "ChessBase"]
[SourceDate "2021.03.31"]
[SourceVersion "1"]
[SourceVersionDate "2021.03.31"]
[SourceQuality "1"]

1. e4 c6 2. Nc3 d5 3. Nf3 Nf6 4. Qe2 dxe4 5. Nxe4 Nxe4 6. Qxe4 Qd5 7. Qh4 Qe6+ 8. Be2 Qg4 9. Qg3 Qxg3 10. hxg3 Bf5 11. b3 Nd7 12. Bb2 0-0-0 13. 0-0-0 f6 14. Nd4 Bg6 15. Ne6 Re8 16. Bd4 Kb8 17. Rde1 Bf5 18. Bf3 Nb6 19. Be3 Nd5 20. Bf4+ Nxf4 21. gxf4 Kc8 22. g4 Bxe6 23. Rxe6 Rd8 24. f5 Rd6 25. Be4 Kd7 26. Re1 g6 27. Rxd6+ Kxd6 28. fxg6 hxg6 29. Bxg6 Rh2 30. Re2 Bh6 31. Bf5 e5 32. Kd1 Bf4 33. f3 Rh1+ 34. Re1 Rh2 35. Re2 Rh1+ 36. Re1 Rh2 37. Re2 1/2-1/2

[Event "Zuerich Christmas op 44th"]
[Site "Tornelo INT"]
[Date "2020.12.27"]
[Round "2"]
[White "Rappazzo, Johannes"]
[Black "Jaggy, Matteo"]
[Result "0-1"]
[WhiteElo "1555"]
[BlackElo "1887"]
[PlyCount "46"]
[EventDate "2020.12.26"]
[EventType "swiss"]
[EventRounds "7"]
[EventCountry "SUI"]
[SourceTitle "CBM 200 Extra"]
[Source "ChessBase"]
[SourceDate "2021.03.31"]
[SourceVersion "1"]
[SourceVersionDate "2021.03.31"]
[SourceQuality "1"]

1. e4 c5 2. Nf3 e6 3. d4 cxd4 4. Nxd4 Nf6 5. Qd3 a6 6. c4 Qc7 7. Nc3 b6 8. a3 Bb7 9. g3 Be7 10. Bg2 0-0 11. 0-0 d6 12. b3 Nbd7 13. Bb2 Rac8 14. Rfe1 Rfe8 15. Rac1 Bf8 16. Qd2 Nc5 17. b4 Ncd7 18. b5 Ne5 19. bxa6 Bxa6 20. Ncb5 Qd7 21. Bf1 d5 22. cxd5 Bxb5 23. f4 Nc4 0-1

[Event "Wil Acrevis op 1st"]
[Site "Wil"]
[Date "2020.06.20"]
[Round "3"]
[White "Rempe, Jonas"]
[Black "Rappazzo, Johannes"]
[Result "1-0"]
[WhiteElo "1867"]
[BlackElo "1509"]
[PlyCount "81"]
[EventDate "2020.06.19"]
[EventType "swiss"]
[EventRounds "5"]
[EventCountry "SUI"]
[SourceTitle "CBM 197 Extra"]
[Source "ChessBase"]
[SourceDate "2020.09.30"]
[SourceVersion "1"]
[SourceVersionDate "2020.09.30"]
[SourceQuality "1"]

1. e4 c5 2. Nf3 d6 3. d4 cxd4 4. Nxd4 Nf6 5. Nc3 a6 6. h3 h5 7. g3 e5 8. Nb3 Be6 9. Bg2 Nbd7 10. 0-0 Be7 11. f4 Qb6+ 12. Rf2 h4 13. g4 Nxg4 14. hxg4 h3 15. Qe2 hxg2 16. Be3 Qc7 17. Rxg2 exf4 18. Bxf4 0-0-0 19. Nd4 Rdf8 20. Nf5 Bxf5 21. Nd5 Qd8 22. exf5 Re8 23. Qc4+ Kb8 24. Qd4 Ne5 25. Qb6 Qxb6+ 26. Nxb6 Rh4 27. Nd5 Reh8 28. Kf2 Nxg4+ 29. Kf3 Rh3+ 30. Ke2 Rc8 31. Rc1 Ne5 32. Bxe5 Re8 33. Bf4 Bf6+ 34. Kd2 Be5 35. Bxe5 Rxe5 36. Nf4 Rf3 37. Nd3 Rexf5 38. Rxg7 Rh5 39. Re1 f5 40. Ree7 b5 41. Re8# 1-0